<?xml version="1.0" encoding="UTF-8"?><?xml-stylesheet type="text/xsl" href="static/style.xsl"?><OAI-PMH xmlns="http://www.openarchives.org/OAI/2.0/" xmlns:xsi="http://www.w3.org/2001/XMLSchema-instance" xsi:schemaLocation="http://www.openarchives.org/OAI/2.0/ http://www.openarchives.org/OAI/2.0/OAI-PMH.xsd"><responseDate>2026-04-13T07:03:15Z</responseDate><request verb="GetRecord" identifier="oai:www.recercat.cat:2117/174123" metadataPrefix="marc">https://recercat.cat/oai/request</request><GetRecord><record><header><identifier>oai:recercat.cat:2117/174123</identifier><datestamp>2026-01-13T05:57:02Z</datestamp><setSpec>com_2072_1033</setSpec><setSpec>col_2072_452950</setSpec></header><metadata><record xmlns="http://www.loc.gov/MARC21/slim" xmlns:dcterms="http://purl.org/dc/terms/" xmlns:xsi="http://www.w3.org/2001/XMLSchema-instance" xmlns:doc="http://www.lyncode.com/xoai" xsi:schemaLocation="http://www.loc.gov/MARC21/slim http://www.loc.gov/standards/marcxml/schema/MARC21slim.xsd">
   <leader>00925njm 22002777a 4500</leader>
   <datafield ind2=" " ind1=" " tag="042">
      <subfield code="a">dc</subfield>
   </datafield>
   <datafield ind2=" " ind1=" " tag="720">
      <subfield code="a">Cusola Aumedes, Oriol</subfield>
      <subfield code="e">author</subfield>
   </datafield>
   <datafield ind2=" " ind1=" " tag="720">
      <subfield code="a">Rojas, Orlando J.</subfield>
      <subfield code="e">author</subfield>
   </datafield>
   <datafield ind2=" " ind1=" " tag="720">
      <subfield code="a">Roncero Vivero, María Blanca</subfield>
      <subfield code="e">author</subfield>
   </datafield>
   <datafield ind2=" " ind1=" " tag="260">
      <subfield code="c">2019-11-08</subfield>
   </datafield>
   <datafield ind2=" " ind1=" " tag="520">
      <subfield code="a">This document is the Accepted Manuscript version of a Published Work that appeared in final form in ACS Applied Materials &amp; Interfaces, copyright © American Chemical Society after peer review and technical editing by the publisher. To access the final edited and published work see https://doi.org/10.1021/acsami.9b16931</subfield>
   </datafield>
   <datafield ind2=" " ind1=" " tag="520">
      <subfield code="a">We introduce a new type of particle-based membrane based on the combination of lignin particles (LPs) and cellulose nanofibrils (CNF), the latter of which are introduced in small volume fractions to act as networking and adhesive agents. The synergies that are inherent to lignin and cellulose in plants are re-engineered to render materials with low surface energy (contact angle measurements) and can be rendered water-resistant with the aid of wet-strength agents (WSAs). Importantly, they are most suitable for antioxidative separation (ABTS•+ radical inhibition): membranes with uniform porous structures (air permeability and capillary flow porosimetry) allow effluent oxidation at 95 mL/cm2, demonstrating, for the first time, the use of unmodified lignin particles in flexible membranes for active microfiltration. Moreover, the membranes are found to be nonfouling (protein adhesion and activity rate). The inherent properties of lignin, including UV radiation blocking capacity (UV transmittance analysis) and reduced surface energy, are further exploited in the development of tailorable and self-standing architectures that are almost entirely comprised of nonbonding LP (solids content as high as 92 w/w%). Despite such composition, the materials develop high toughness (oscillatory dynamic mechanical analysis), owing to the addition of minor amounts of CNF. Multifunctional materials based on thin films (casting), 3D structures (molding), and patterned geometries (extrusion deposition) are developed as a demonstration of the potential use of lignin particles as precursors of new material generation. Remarkably, our observations hold for spherical LPs since a much poorer performance was observed after using amorphous powder, indicating the role of size and shape in related applications</subfield>
   </datafield>
   <datafield ind2=" " ind1=" " tag="520">
      <subfield code="a">Postprint (author's final draft)</subfield>
   </datafield>
   <datafield tag="653" ind2=" " ind1=" ">
      <subfield code="a">Àrees temàtiques de la UPC::Enginyeria paperera::Primeres matèries papereres</subfield>
   </datafield>
   <datafield tag="653" ind2=" " ind1=" ">
      <subfield code="a">Nanofibers</subfield>
   </datafield>
   <datafield tag="653" ind2=" " ind1=" ">
      <subfield code="a">Cellulose</subfield>
   </datafield>
   <datafield tag="653" ind2=" " ind1=" ">
      <subfield code="a">Lignocellulose--Biotechnology</subfield>
   </datafield>
   <datafield tag="653" ind2=" " ind1=" ">
      <subfield code="a">Antioxidants</subfield>
   </datafield>
   <datafield tag="653" ind2=" " ind1=" ">
      <subfield code="a">Lignin particles</subfield>
   </datafield>
   <datafield tag="653" ind2=" " ind1=" ">
      <subfield code="a">Antioxidant</subfield>
   </datafield>
   <datafield tag="653" ind2=" " ind1=" ">
      <subfield code="a">Membrane microfiltration</subfield>
   </datafield>
   <datafield tag="653" ind2=" " ind1=" ">
      <subfield code="a">Cellulose nanofibers</subfield>
   </datafield>
   <datafield tag="653" ind2=" " ind1=" ">
      <subfield code="a">3D structures</subfield>
   </datafield>
   <datafield tag="653" ind2=" " ind1=" ">
      <subfield code="a">Lignocel·lulosa -- Biotecnologia</subfield>
   </datafield>
   <datafield tag="653" ind2=" " ind1=" ">
      <subfield code="a">Antioxidants</subfield>
   </datafield>
   <datafield tag="653" ind2=" " ind1=" ">
      <subfield code="a">Nanofibres</subfield>
   </datafield>
   <datafield tag="653" ind2=" " ind1=" ">
      <subfield code="a">Cel·lulosa</subfield>
   </datafield>
   <datafield tag="653" ind2=" " ind1=" ">
      <subfield code="a">Estructures tridimensionals</subfield>
   </datafield>
   <datafield ind2="0" ind1="0" tag="245">
      <subfield code="a">Lignin particles for multifunctional membranes, antioxidative microfiltration, patterning and 3D structuring</subfield>
   </datafield>
</record></metadata></record></GetRecord></OAI-PMH>